• 首页
  • 本馆介绍
  • 公告通知
  • 最新文献
  • 馆藏检索
  • 电子资源
  • 读者导购
  • 参考咨询
  • 我的图书馆
  • 登录
  • 详细信息显示
  • 放入我的书架
  • 预约/预借图书
  • 作者相关作品
  • 分类相关作品
  • 丛书相关作品
  • 出版社相关作品

书目信息

  • 表格格式
  • 工作单格式
  • 卡片格式
题名:
化学反应中的电子
    
 
作者: 塞勒姆 , Salem 著 ;张敬畅 , 曹维良 译
分册:  
出版信息: 北京   科学出版社  1987
页数: 320页
开本: 19cm
丛书名:
单 册:
中图分类: O641.1
科图分类:
主题词: 化学反应-电子--性质 , 电子-化学反应--性质 , 物理化学 , 量子化学
电子资源:
ISBN:
000 01001nam0 2200337 45
001 0187009326
005 20040629174036.5
010    @dCNY2.45
091    @a13031.3487
100    @a19900808d1987 em y0chiy0121 ea
101 1  @achi@cfre
102    @aCN@b110000
105    @ay z 001yy
106    @ar
200 10 @a化学反应中的电子@Ahua xue fan ying zhong de dian zi@e基本原理@f(法)塞勒姆(Salem,L.)著@g张敬畅, 曹维良译
210    @a北京@c科学出版社@d1987
215    @a320页@d19cm
300    @a书名原文: Electrons in chemical reactions.
510 1  @aElectrons in chemical reactions@zeng
606    @a化学反应-电子@x性质
606    @a电子-化学反应@x性质
606 0  @a物理化学
606 0  @a量子化学
690    @aO641.1@v3
701  1 @a塞勒姆@Asai le mu@bL.@4著
701 A1 @aSalem@bL.@4著
702  0 @a张敬畅@Azhang jing chang@4译
702  0 @a曹维良@Acao wei liang@4译
801  0 @aCN@b深圳图书馆@c20040521
801  2 @aCN@bNLC@c20040521
905    @dO641.1@e26@f1@b217483
    
    化学反应中的电子:基本原理/(法)塞勒姆(Salem,L.)著/张敬畅, 曹维良译.-北京:科学出版社,1987
    320页;19cm
    书名原文: Electrons in chemical reactions.
    
    ISBN :CNY2.45
    
●
相关链接 在E读中查询图书 在五车中查询图书 在当当中查询图书 在豆瓣中查询图书


正题名:化学反应中的电子     索取号:O641.1/26         预约/预借

序号 登录号 条形码 馆藏地/架位号 状态 备注
1 0217481   000342766   密集书库/ [索取号:O641.1/26] 在馆    
2 0217482   000342775   密集书库/ [索取号:O641.1/26] 在馆    
3 0217483   001933162   第三借阅区/ [索取号:O641.1/26] 在馆    
4 0217484   000342784   密集书库/ [索取号:O641.1/26] 在馆    
5 0217485   000342757   第二样本阅览室/ [索取号:O641.1/26] 在馆    
唐山师范学院图书馆 欢迎您!
大连网信软件有限公司© 版权所有